000
00331nam a2200145Ia 4500
008
160319s9999 xx 000 0 und d
020
_a
0-59048656x
050
_a
418.4
050
_b
.L775ch 1996
245
_a
Chapter by chapter /
260
_c
1996
300
_a
120 pages ;
300
_b
illustrations ;
300
_c
30 cm.
999
_c
291981
_d
291981